Biodiversity, ecosystem functioning, and human wellbeing : (Registro nro. 19319)

Detalles MARC
000 -CABECERA
Campo de control 01414cam a22003377a 4500
005 - FECHA Y HORA DE LA ULTIMA TRANSACCION
Campo de control 20180803170351.0
008 - ELEMENTOS DE LONGITUD FIJA—INFORMACION GENERAL
Campo de control 091105s2009 enkabf b 001 0 eng d
020 ## - ISBN
ISBN 9780199547951 (cubierta dura)
040 ## - FUENTE DE CATALOGACIÓN
Agencia catalogadora original YDXCP
Agencia transcriptora YDXCP
Agencia Modificadora BWK
-- OCLCQ
-- UKM
-- CDX
-- DLC
-- CO-BoIAVH
041 0# - IDIOMA
Código de idioma para texto/pista de sonido o título separado Inglés
044 ## - PAÍS DE PUBLICACIÓN
País de publicación Estados Unidos
082 04 - NUMERO DE CLASIFICACION DECIMAL DEWEY
Número de clasificación 333.95
Número del ítem B61e
245 00 - MENCION DE TITULO
Título Biodiversity, ecosystem functioning, and human wellbeing :
Parte restante del título an ecological and economic perspective /
Mención de responsabilidad editado por Shahid Naeem [y otros 4].
246 14 - FORMA VARIANTE DEL TITULO
Título propiamente dicho/forma breve del título Biodiversity, ecosystem functioning, & human wellbeing
260 ## - PUBLICACION, DISTRIBUCION, ETC. (PIE DE IMPRENTA)
Lugar de publicación, distribución, etc. Oxford ;
-- New York :
Nombre del editor, distribuidor, etc. Oxford University Press,
Fecha de publicación, distribución, etc. 2009.
300 ## - DESCRIPCION FISICA
Extensión xiv, 368 páginas, [4] páginas de láminas :
Otros detalles físicos ilustraciones (algunas a color) y mapas ;
Dimensiones 25 x 20 cm.
490 0# - MENCION DE SERIE
Mención de serie Oxford biology
504 ## - NOTA DE BIBLIOGRAFIA, ETC.
Nota de bibliografía Incluye referencias bibliográficas e índice.
650 26 - ASIENTO SECUNDARIO DE MATERIA - TERMINO TEMATICO
Término temático o nombre geográfico como elemento de entrada Biodiversidad
9 (RLIN) 92204
650 24 - ASIENTO SECUNDARIO DE MATERIA - TERMINO TEMATICO
Término temático o nombre geográfico como elemento de entrada Salud de los ecosistemas
9 (RLIN) 79357
650 26 - ASIENTO SECUNDARIO DE MATERIA - TERMINO TEMATICO
Término temático o nombre geográfico como elemento de entrada Ecología humana
9 (RLIN) 79363
650 26 - ASIENTO SECUNDARIO DE MATERIA - TERMINO TEMATICO
Término temático o nombre geográfico como elemento de entrada Biodiversidad
Subdivisión general Aspectos económicos
9 (RLIN) 79364
650 26 - ASIENTO SECUNDARIO DE MATERIA - TERMINO TEMATICO
Término temático o nombre geográfico como elemento de entrada Biodiversidad
Subdivisión general mitigación del cambio climático
9 (RLIN) 79365
650 26 - ASIENTO SECUNDARIO DE MATERIA - TERMINO TEMATICO
Término temático o nombre geográfico como elemento de entrada Biodiversidad
Subdivisión general servicios de los ecosistemas
9 (RLIN) 79366
700 1# - ASIENTO SECUNDARIO - NOMBRE PERSONAL
Nombre personal Naeem, Shahid
Término de relación editor
9 (RLIN) 79352
700 1# - ASIENTO SECUNDARIO - NOMBRE PERSONAL
Nombre personal Bunker, Daniel E.
Término de relación editor
9 (RLIN) 79353
700 1# - ASIENTO SECUNDARIO - NOMBRE PERSONAL
Nombre personal Hector, Dany
Término de relación editor
9 (RLIN) 79354
700 1# - ASIENTO SECUNDARIO - NOMBRE PERSONAL
Nombre personal Loreau, Michel
Término de relación editor
9 (RLIN) 79355
700 1# - ASIENTO SECUNDARIO - NOMBRE PERSONAL
Nombre personal Perrings, Charles
Término de relación editor
9 (RLIN) 20641
942 ## - ELEMENTOS ADICIONALES (KOHA)
Sistema de clasificación Dewey Decimal Classification
Tipo de ítem Libro
Koha issues (borrowed), all copies 1
Existencias
Withdrawn status Lost status Sistema de Clasificación Damaged status No para préstamo Colección Inventariado Ubicación Permanente Ubicación actual Fecha de adquisición Fuente de Valor Valor Total Checkouts Número topográfico Inventario / Código de Barras Date last seen Date checked out Ejemplar Price effective from Forma de adquisición Tipo de material
    Dewey Decimal Classification     General Inventariado 2017 Bogotá Bogotá 10/02/2017 Instituto 39000.00 1 LB-333.95 B61e 040993 06/06/2017 28/04/2017 Ej. 1 10/02/2017 Compra Libro